Państwa z zamienionymi pozycjami #2 - Statystyki

Ogólne statystyki
  • Ten quiz został rozwiązany 4 razy
  • Średni wynik to 5 z 10
Odpowiedzi na mapie
Odpowiedzi zakodowano w zielono-czerwonej skali na mapie do tego quizu, zgodnie z poniższymi procentami.
 
Statystyki odpowiedzi
Państwo Zamiana % Poprawnych
Ekwador Gabon
75%
Korea Północna Uganda
75%
Nikaragua Azerbejdżan
75%
Azerbejdżan Nikaragua
50%
Bangladesz Grecja
50%
Gabon Ekwador
50%
Grecja Bangladesz
50%
Uganda Korea Północna
50%
Cypr Jamajka
0%
Jamajka Cypr
0%
Nie znaleziono quizów pasujących do podanych kryteriów
Rozkład punktacji
Procent ludzi z każdym wynikiem
Percentyl według liczby udzielonych odpowiedzi
Twoja historia wyników
Nie rozwiązałeś tego quizu